INTRODUCCION A LA PSICOLOGIA (Registro nro. 47866)
[ vista simple ]
| 000 -LEADER | |
|---|---|
| fixed length control field | 00884nam a2200217 a 4500 |
| 001 - CONTROL NUMBER | |
| control field | 47866 |
| 005 - DATE AND TIME OF LATEST TRANSACTION | |
| control field | 20180714031952.0 |
| 008 - FIXED-LENGTH DATA ELEMENTS--GENERAL INFORMATION | |
| fixed length control field | 140415s2003 mx 000 0 spa d |
| 020 ## - INTERNATIONAL STANDARD BOOK NUMBER | |
| International Standard Book Number | 9701041402 |
| 041 ## - LANGUAGE CODE | |
| Language code of text/sound track or separate title | spa |
| 082 ## - DEWEY DECIMAL CLASSIFICATION NUMBER | |
| Classification number | 150 |
| Item number | FEL |
| 100 1# - MAIN ENTRY--PERSONAL NAME | |
| Personal name | FELDMAN, ROBERT S. |
| 245 10 - TITLE STATEMENT | |
| Title | INTRODUCCION A LA PSICOLOGIA |
| 250 ## - EDITION STATEMENT | |
| Edition statement | 4ed. |
| 260 ## - PUBLICATION, DISTRIBUTION, ETC. | |
| Place of publication, distribution, etc. | MEXICO : |
| Name of publisher, distributor, etc. | MCGRAW-HILL INTERAMERICANA EDITORES, |
| Date of publication, distribution, etc. | 2003 |
| 300 ## - PHYSICAL DESCRIPTION | |
| Extent | 900 |
| Dimensions | 27 x 2.6 x 2.7 |
| 520 ## - SUMMARY, ETC. | |
| Summary, etc. | ESTA EDICIÓN ESPECIAL DE NUESTRO BEST-SELLER, PRESENTA CONCEPTOS QUE SON NECESARIOS EN UN CURSO INTRODUCTORIO DE PSICOLOGÍA, TANTO PARA LAS LICENCIATURAS ECONÓMICO-ADMINISTRATIVAS COMO PARA LAS CARRERAS DE INGENIERÍAS, DE DONDE ES NECESARIO COMPRENDER LA CONDUCTA HUMANA. |
| 650 14 - SUBJECT ADDED ENTRY--TOPICAL TERM | |
| Topical term or geographic name entry element | PSICOLOGIA |
| 700 1# - ADDED ENTRY--PERSONAL NAME | |
| Personal name | VELAZQUEZ ARELLANO, JORGE ALBERTO |
| Relator term | tr. |
| 740 ## - ADDED ENTRY--UNCONTROLLED RELATED/ANALYTICAL TITLE | |
| Uncontrolled related/analytical title | ESSENTIALS OF UNDERSTANDING PSYUCHOLOGY |
| Withdrawn status | Lost status | Source of classification or shelving scheme | Damaged status | Not for loan | Collection code | Home library | Current library | Shelving location | Date acquired | Source of acquisition | Inventory number | Total Checkouts | Full call number | Barcode | Date last seen | Date last checked out | Price effective from | Koha item type |
|---|---|---|---|---|---|---|---|---|---|---|---|---|---|---|---|---|---|---|
| Dewey Decimal Classification | General | Biblioteca Karol Wojtyla | Biblioteca Karol Wojtyla | Sala general | 03/12/2013 | Compra | 151000000000000000061181 | 4 | 150 FEL | 71703 | 05/01/2026 | 06/09/2019 | 03/12/2013 | Libro |